Les mots de la langue française terminés par "onde" - Statistiques

Statistiques générales
  • Ce quiz a été pris 233 fois
  • Le résultat moyen est 11 sur 21
Statistiques - réponses
Indice Mot % Correct
danse enfantine ronde
92%
univers monde
89%
unité de temps seconde
80%
chevelure blonde
75%
fertile féconde
68%
répugnante immonde
67%
33 Gironde
64%
propagation onde
57%
furieuse furibonde
53%
vanne bonde
50%
arme de trait fronde
49%
tarière sonde
47%
mourante moribonde
40%
fétide nauséabonde
35%
bâtiment rotonde
34%
très rouge rubiconde
34%
élocution facile faconde
29%
peuple germanique burgonde
27%
hirondelle aronde
25%
nomade vagabonde
25%
intense profonde
21%
Aucun quiz correspondant
Distribution des résultats
% des personnes avec chaque résultat
Percentile par nombre de réponses
Votre historique - résultats
Vous n’avez pas pris ce quiz